Réalisateurs - Statistiques

Statistiques générales
  • Ce quiz a été pris 401 fois
  • Le résultat moyen est 115 sur 250
Statistiques - réponses
Titre Date Réponse % Correct
Duel 1971 Steven Spielberg
88%
Rencontres du troisième type 1977 Steven Spielberg
88%
Il Faut Sauver le Soldat Ryan 1998 Steven Spielberg
88%
Indiana Jones et le Royaume du crâne de cristal 2008 Steven Spielberg
88%
Pee-Wee Big Adventure 1985 Tim Burton
88%
Beetlejuice 1988 Tim Burton
88%
Batman 1989 Tim Burton
88%
Edward aux mains d'argent 1990 Tim Burton
88%
Batman : Le Défi 1992 Tim Burton
88%
Ed Wood 1994 Tim Burton
88%
Mars Attacks ! 1996 Tim Burton
88%
Sleeepy Hollow 1999 Tim Burton
88%
La Planète des singes 2001 Tim Burton
88%
Big Fish 2003 Tim Burton
88%
Charlie et la chocolatrie 2005 Tim Burton
88%
Les Noces funèbres 2005 Tim Burton
88%
Sweeney Todd 2007 Tim Burton
88%
Alice au pays des merveilles 2012 Tim Burton
88%
Dark Shadows 2012 Tim Burton
88%
Les 39 Marches 1935 Alfred Hitchcock
87%
Rebecca 1940 Alfred Hitchcock
87%
Les Enchaînés 1946 Alfred Hitchcock
87%
Le crime était presque parfait 1954 Alfred Hitchcock
87%
Vertigo 1958 Alfred Hitchcock
87%
Psychose 1960 Alfred Hitchcock
87%
Les Oiseaux 1963 Alfred Hitchcock
87%
Reservoir Dogs 1992 Quentin Tarantino
87%
Pulp Fiction 1994 Quentin Tarantino
87%
Inglorious Basterds 2009 Quentin Tarantino
87%
Terminator 1984 James Cameron
86%
Titanic 1997 James Cameron
86%
Spartacus 1960 Stanley Kubrick
85%
Docteur Folamour 1964 Stanley Kubrick
85%
Barry Lyndon 1975 Stanley Kubrick
85%
Shining 1980 Stanley Kubrick
85%
Full Metal Jacket 1987 Stanley Kubrick
85%
La Ruée vers l'or 1925 Charlie Chaplin
84%
Les Lumières de la ville 1931 Charlie Chaplin
84%
Les Temps modernes 1936 Charlie Chaplin
84%
Le Dictateur 1940 Charlie Chaplin
84%
Le Parrain 1972 Francis Ford Coppola
82%
Le Parrain II 1974 Francis Ford Coppola
82%
Apocalypse Now 1979 Francis Ford Coppola
82%
Virgin Suicides 1999 Sofia Coppola
82%
Mystic River 2003 Clint Eastwood
81%
Million Dollar Baby 2004 Clint Eastwood
81%
Gran Torino 2008 Clint Eastwood
81%
Taxi Driver 1976 Martin Scorsese
80%
After Hours 1985 Martin Scorsese
80%
Casino 1995 Martin Scorsese
80%
Shutter Island 2010 Martin Scorsese
80%
...Et pour quelques dollars de plus 1965 Sergio Leone
76%
Le Bon, la Brute et le Truand 1966 Sergio Leone
76%
Il était une fois dans l'Ouest 1968 Sergio Leone
76%
Il était une fois en Amérique 1984 Sergio Leone
76%
Memento 2000 Christopher Nolan
75%
Batman Begins 2005 Christopher Nolan
75%
The Dark Knight 2008 Christopher Nolan
75%
Le Bal des vampires 1967 Roman Polanski
74%
Rosemary's Baby 1968 Roman Polanski
74%
Chinatown 1974 Roman Polanski
74%
Frantic 1988 Roman Polanski
74%
Le Pianiste 2002 Roman Polanski
74%
Le Château dans le ciel 1986 Hayao Miyazaki
73%
Mon voisin Totoro 1988 Hayao Miyazaki
73%
Princesse Mononoké 1997 Hayao Miyazaki
73%
Le Château ambulant 2004 Hayao Miyazaki
73%
Fight Club 1999 David Fincher
72%
Manhattan 1979 Woody Allen
71%
La Rose pourpre du Caire 1985 Woody Allen
71%
Barton Fink 1991 Coen
70%
Fargo 1996 Coen
70%
O Brother 2000 Coen
70%
No Country For Old Men 2007 Coen
70%
Burn After Reading 2008 Coen
70%
Les 400 coups 1959 François Truffaut
68%
Le Dernier Métro 1980 François Truffaut
68%
Blade Runner 1982 Ridley Scott
68%
Bienvenue chez les Ch'tis 2008 Dany Boon
67%
Rien à déclarer 2011 Dany Boon
67%
Blow Out 1981 Brian De Palma
65%
Scarface 1983 Brian De Palma
65%
OSS 117 : Rio ne répond plus 2009 Michel Hazanavicius
64%
Argo 2012 Ben Affleck
62%
Magnolia 1999 Paul Thomas Anderson
60%
There Will Be Blood 2007 Paul Thomas Anderson
60%
Rashomon 1950 Akira Kurosawa
59%
Les Sept Samourais 1954 Akira Kurosawa
59%
Le Château de l'araignée 1957 Akira Kurosawa
59%
Ran 1985 Akira Kurosawa
59%
Metropolis 1926 Fritz Lang
59%
Braveheart 1995 Mel Gibson
59%
Le Labyrinthe de Pan 2006 Guillermo del Toro
58%
Trainspotting 1996 Danny Boyle
57%
Slumdog Millionaire 2008 Danny Boyle
57%
Monty Python : Sacré Graal ! 1975 Terry Gilliam
57%
L'Armée des 12 singes 1995 Terry Gilliam
57%
Les Parapluies de Cherbourg 1964 Jacques Demy
56%
Peau d'âne 1970 Jacques Demy
56%
Tigre et Dragon 2000 Ang Lee
55%
Le Secret de Brokeback 2005 Ang Lee
55%
La vie est belle 1997 Roberto Benigni
55%
Danse avec les loups 1990 Kevin Costner
54%
Vol au-dessus d'un nid de coucou 1975 Milos Forman
52%
Les Valseuses 1974 Bertrand Blier
51%
Will Hunting 1997 Gus Van Sant
50%
Elephant 2003 Gus Van Sant
50%
De Battre mon coeur s'est arrêté 2005 Jacques Audiard
50%
Matrix 1999 Wachowski
50%
Sixième Sens 1999 Shyamalan
49%
Voyage au bout de l'enfer 1978 Michael Cimino
48%
Intouchables 2011 Olivier Nakache
47%
Paris, Texas 1984 Wim Wenders
47%
Les Ailes du Désir 1987 Wim Wenders
47%
La colline a des yeux 2006 Alexandre Aja
44%
Piranha 3D 2010 Alexandre Aja
44%
Le Septimère Sceau 1957 Ingmar Bergman
44%
La Prisonnière du désert 1956 John Ford
44%
Intouchables 2011 Eric Toledano
43%
Le Salaire de la peur 1953 Henri-Georges Clouzot
43%
Les Diaboliques 1955 Henri-Georges Clouzot
43%
Old Boy 2003 Park Chan-wook
42%
Harry Potter et les Reliques de la Mort : 2ème partie 2011 David Yates
41%
Drive 2011 Nicolas Winding Refn
41%
La Belle et la Bête 1946 Jean Cocteau
40%
Independence Day 1996 Roland Emmerich
40%
2012 2009 Roland Emmerich
40%
In The Mood For Love 2000 Wong Kar-wai
40%
Les 10 Commandements 1956 Cecil B. DeMille
38%
Wall Street 1987 Oliver Stone
38%
Wall Street : L'argent ne dort jamais 2010 Oliver Stone
38%
The Host 2006 Bong Joon-ho
37%
Breaking the Waves 1996 Lars von Trier
37%
A History of Violence 2005 David Cronenberg
36%
Un Tramway nommé désir 1951 Elia Kazan
36%
A l'est d'Eden 1955 Elia Kazan
36%
Baby Doll 1956 Elia Kazan
36%
Aguirre, la colère de Dieu 1972 Werner Herzog
36%
The Truman Show 1998 Peter Weir
35%
Anges et Démons 2009 Ron Howard
35%
Un après-midi de chien 1975 Sidney Lumet
35%
Network 1976 Sidney Lumet
35%
Nuit et brouillard 1956 Alain Resnais
34%
Easy Rider 1969 Dennis Hopper
34%
Casanova 1976 Federico Fellini
34%
Et vogue le navire... 1983 Federico Fellini
34%
Arnaques, crimes et botanique 1988 Guy Ritchie
34%
Spy Kids 2001 Robert Rodriguez
34%
Spy Kids 3 2003 Robert Rodriguez
34%
Traffic 2000 Steven Soderbergh
34%
Ratatouille 2007 Brad Bird
33%
Les Tontons Flingueurs 1963 Georges Lautner
33%
Au revoir les enfants 1987 Louis Malle
33%
Le Samourai 1967 Jean-Pierre Melville
32%
Casablanca 1942 Michael Curtiz
32%
Le Voleur de bicyclette 1948 Vittorio De Sica
32%
Dead Man 1995 Jim Jarmusch
31%
Rain Man 1988 Barry Levinson
30%
Monty Python : Sacré Graal ! 1975 Terry Jones
30%
La Vie de Brian 1979 Terry Jones
30%
Les Choristes 2004 Christophe Barratier
29%
La vie est un long fleuve tranquille 1988 Etienne Chatiliez
29%
Agathe Cléry 2008 Etienne Chatiliez
29%
Midnight Express 1978 Alan Parker
28%
Birdy 1984 Alan Parker
28%
Pirates des Caraïbes : La Malédiction du Black Pearl 2003 Gore Verbinski
28%
Ben-Hur 1959 William Wyler
28%
Coco 2009 Gad Elmaleh
27%
La Nuit nous appartient 2007 James Gray
27%
Toy Story 1995 John Lasseter
27%
French Connection 1971 William Friedkin
27%
Zombie 1978 George Romero
26%
Avengers 2012 Joss Whedon
26%
Entre les murs 2008 Laurent Cantet
26%
Little Big Man 1970 Arthur Penn
24%
Monstres & Cie 2001 Pete Docter
24%
Là-haut 2009 Pete Docter
24%
The King of New York 1990 Abel Ferrara
23%
Bad Lieutenant 1992 Abel Ferrara
23%
Le Tombeau des lucioles 1988 Isao Takahata
23%
L'échelle de Jacob 1990 Adrian Lyne
21%
Cria Cuervos 1976 Carlos Saura
21%
Les Marches du pouvoir 2011 George Clooney
21%
Abatottoir 5 1972 George Roy Hill
21%
L'Arnaque 1973 George Roy Hill
21%
Les Amants diaboliques 1943 Luchino Visconti
21%
District 9 2009 Neill Blomkamp
21%
Une séparation 2011 Asghar Farhadi
20%
Cinema Paradiso 1988 Giuseppe Tornatore
20%
Safari 2009 Olivier Baroux
20%
Qu'est-il arrivé à Baby Jane ? 1962 Robert Aldrich
20%
Princess Bride 1987 Rob Reiner
20%
Le Bateau 1981 Wolfgang Petersen
20%
3h10 pour Yuma 2007 James Mangold
19%
Quantum Of Solace 2008 Marc Forster
19%
Qui a peur de Virginia Woolf ? 1966 Mike Nichols
19%
Wolf 1994 Mike Nichols
19%
L.A. Confidential 1997 Curtis Hanson
18%
Low Cost 2011 Maurice Barthélemy
17%
Wall-E 2008 Andrew Stanton
16%
La Vie des autres 2006 Florian Henckel von Donnersmarck
16%
The Tourist 2010 Florian Henckel von Donnersmarck
16%
Marathon Man 1976 John Schlesinger
16%
La Planète sauvage 1973 René Laloux
16%
Bienvenue à Zombieland 2009 Ruben Fleischer
16%
Le Fugitif 1993 Andrew Davis
15%
Envoyés très spéciaux 2009 Fréderic Auburtin
15%
Opération Dragon 1973 Robert Clouse
15%
V pour Vendetta 2006 James McTeigue
14%
La Journée de la jupe 2009 Jean-Paul Lilienfeld
14%
Le Petit Nicolas 2009 Laurent Tirard
14%
L'Arnaqueur 1961 Robert Rossen
14%
Good Bye, Lenin ! 2003 Wolfgang Becker
14%
Le Mytho 2011 Dennis Dugan
13%
Bambou 2009 Didier Bourdon
13%
Bienvenue à bord 2011 Eric Lavaine
13%
Iznogoud 2005 Patrick Braoudé
13%
Sideways 2004 Alexander Payne
12%
Là-haut 2009 Bob Peterson
12%
SuperGrave 2007 Greg Mottola
12%
Dans ses yeux 2009 Juan José Campanella
12%
De l'autre côté di lit 2008 Pascale Pouzadoux
12%
Buried 2010 Rodrigo Cortes
12%
La Rafle 2010 Rose Bosch
12%
La Nuit au Musée 2006 Shawn Levy
12%
Divorces 2009 Valérie Guignabodet
12%
Le Livre de la jungle 1967 Wolfgang Reitherman
12%
Demain dès l'aube 2009 Denis Dercourt
11%
Le Projet Blair Witch 1999 Eduardo Sanchez
11%
La Chute 2004 Oliver Hirschbiegel
11%
Morning Glory 2011 Roger Michell
11%
Le Projet Blair Witch 1999 Daniel Myrick
10%
Halal, police d'Etat 2011 Rachid Dhibou
10%
Comment tuer son boss ? 2011 Seth Gordon
10%
Jason et les Argonautes 1963 Don Chaffey
9%
RTT 2009 Frederic Berthe
9%
Hanté par ses ex 2009 Mark Waters
9%
Super Size Me 2004 Morgan Spurlock
9%
Bruce tout-puissant 2003 Tom Shadyac
9%
Evan tout-puissant 2007 Tom Shadyac
9%
Easy Girl 2010 Will Gluck
9%
Monstres & Cie 2001 David Silvermann
8%
Le Siffleur 2010 Philippe Lefebvre
8%
Humains 2009 Jacques-Olivier Molon
7%
Monstres & Cie 2001 Lee Unkrich
7%
Self Control 2003 Peter Segal
7%
Max la menace 2008 Peter Segal
7%
Train de vie 1998 Radu Mihaileanu
7%
Ratatouille 2007 Jan Pinkava
6%
Humains 2009 Pierre-Olivier Thévenin
6%
Aucun quiz correspondant
Distribution des résultats
% des personnes avec chaque résultat
Percentile par nombre de réponses
Votre historique - résultats
Vous n’avez pas pris ce quiz